000 00651nam a2200229 i 4500
001 bg
100 1 _aJamka, Beata
_d(1961- ).
245 1 0 _aDobór zewnętrzny i wewnętrzny pracowników :
_bteoria i praktyka /
_cBeata Jamka.
260 _aWarszawa :
_b"Difin",
_c2001.
300 _a222 s. ;
_c23 cm.
504 _aBibliogr.
650 9 _aKadry
_xpolityka
655 _aPodręczniki
020 _a8372511772
040 _cBPK
041 0 _apl
080 _a331.1(07)
920 _a83-7251-177-2
942 _cKS
008 s pl f |000 0 pol
999 _c41525
_d41525
856 _uhttp://koha.tu.koszalin.pl/cgi-bin/koha/opac-detail.pl?biblionumber=41525
_yKatalog online BPK